000 01189nam a2200241 i 4500
005 20220801115942.0
008 220801q2012 my o e o000 0 may d
040 _aPPAK
_beng
_cPPAK
_erda
082 0 4 _223
_a394.409595112
090 0 0 _a394.409595112
_bATU
_dKK
245 0 0 _aATUR CARA Istiadat Pertabalan :
_bSERI PADUKA BAGINDA YANG DI-PERTUAN AGONG XIV ALMU'TASIMU BILLAHI MUHIBBUDDIN TUANKU ALHAJ ABDUL HALIM MU'ADZAM SHAH IBNI ALMARHUM SULTAN BADLISHAH [di] ISTANA NEGARA, KUALA LUMPUR [pada] RABU, 11 APRIL 2012 bersamaan 19 JAMADILAWAL 1433H
264 1 _a[Putrajaya] :
_b[Kementerian Penerangan Komunikasi dan Kebudayaan] ,
_c[2012?]
300 _avolume (unpaged) :
_bcolour photographs ;
_c28 cm.
336 _2rdacontent
_atext
337 _2rdamedia
_aunmediated
338 _2rdacarrier
_avolume
500 _aBuku program
546 _aTeks sejajar bahasa Malaysia, Inggeris dan skrip jawi.
600 0 0 _aTuanku Abdul Halim Mu'adzam Shah,
_cSeri Paduka Baginda Yang di-Pertuan Agong XIV,
_d1927-
600 0 0 _aTuanku Abdul Halim Mu'adzam Shah,
_cSeri Paduka Baginda Yang di-Pertuan Agong XIV,
_d1927-
_xCoronations
650 1 0 _aCoronations
_zMalaysia
942 _2ddc
_cB
999 _c188598
_d188598